书目信息 |
| 题名: |
物理化学
|
|
| 作者: | 林树坤 , 卢荣 主编 | |
| 分册: | ||
| 出版信息: | 武汉 华中科技大学出版社 2016.1 |
|
| 页数: | 305页 | |
| 开本: | 26cm | |
| 丛书名: | 全国普通高等院校工科化学规划精品教材 | |
| 单 册: | ||
| 中图分类: | O64 | |
| 科图分类: | ||
| 主题词: | 物理化学--wu li hua xue--高等学校--教材 | |
| 电子资源: | ||
| ISBN: | 978-7-5680-1255-3 | |
| 000 | 01516nam 2200337 450 | |
| 001 | 0100004687 | |
| 005 | 20160425182737.2 | |
| 010 | @a978-7-5680-1255-3@dCNY43.00 | |
| 100 | @a20160307d2016 em y0chiy0121 ea | |
| 101 | 0 | @achi |
| 102 | @aCN@b420000 | |
| 105 | @aak a 000yy | |
| 106 | @ar | |
| 200 | 1 | @a物理化学@Awu li hua xue@f主编林树坤, 卢荣 |
| 205 | @a第2版 | |
| 210 | @a武汉@c华中科技大学出版社@d2016.1 | |
| 215 | @a305页@c图@d26cm | |
| 225 | 2 | @a全国普通高等院校工科化学规划精品教材@Aquan guo pu tong gao deng yuan xiao gong ke hua xue gui hua jing pin jiao cai |
| 304 | @a题名页题: 参编刘朝晖, 张敏, 郭鹏峰, 孙燕琼, 司玉军 | |
| 312 | @a英文并列题名取自封面 | |
| 320 | @a有书目 | |
| 330 | @a本书共分十章, 内容包括绪论、气体、热力学第一定律、热力学第二定律、多组分系统热力学、化学平衡、相平衡、电化学、化学动力学基础、界面化学、胶体分散系统与大分子溶液。在本书的编写和修订过程中, 本着“由浅入深”和“少而精”的原则, 力求内容的科学性和先进性, 突出基本概念和基本规律, 强调应用, 开启学生思路和便于学生自学等特点。 | |
| 333 | @a本书可作为高等工科院校化工、轻工、石油、生物工程、材料、食品、环境、高分子、制药等本科专业的教材或参考书, 也可供其他院校相关专业学生参考使用 | |
| 410 | 0 | @12001 @a全国普通高等院校工科化学规划精品教材 |
| 510 | 1 | @aPhysical chemistry@zeng |
| 606 | 0 | @a物理化学@Awu li hua xue@x高等学校@j教材 |
| 690 | @aO64@v5 | |
| 701 | 0 | @a林树坤@Alin shu kun@4主编 |
| 701 | 0 | @a卢荣@Alu rong@4主编 |
| 801 | 0 | @aCN@c20160515 |
| 905 | @a河南城建学院图书馆@dO64@eL513=2 | |
| 物理化学/主编林树坤, 卢荣.-第2版.-武汉:华中科技大学出版社,2016.1 |
| 305页:图;26cm.-(全国普通高等院校工科化学规划精品教材) |
| 使用对象:本书可作为高等工科院校化工、轻工、石油、生物工程、材料、食品、环境、高分子、制药等本科专业的教材或参考书, 也可供其他院校相关专业学生参考使用 |
| ISBN 978-7-5680-1255-3:CNY43.00 |
| 本书共分十章, 内容包括绪论、气体、热力学第一定律、热力学第二定律、多组分系统热力学、化学平衡、相平衡、电化学、化学动力学基础、界面化学、胶体分散系统与大分子溶液。在本书的编写和修订过程中, 本着“由浅入深”和“少而精”的原则, 力求内容的科学性和先进性, 突出基本概念和基本规律, 强调应用, 开启学生思路和便于学生自学等特点。 |
| ● |
| 相关链接 |
|
|
|
正题名:物理化学
索取号:O64/L513=2
 
预约/预借
| 序号 | 登录号 | 条形码 | 馆藏地/架位号 | 状态 | 备注 |
| 1 | 1253489 | 212534890 | 自科库401/401自科库 94排2列1层/ [索取号:O64/L513=2] | 在馆 | |
| 2 | 1253490 | 212534907 | 自科库401/401自科库 94排2列1层/ [索取号:O64/L513=2] | 在馆 | |
| 3 | 1253491 | 212534916 | 自科库401/401自科库 94排2列1层/ [索取号:O64/L513=2] | 在馆 |